000 00483nam a2200205Ia 4500
008 160803s9999 xx 000 0 und d
020 _a9780545431293
100 _aPaulsen, Gary
245 _aMasters of disaster /
245 _cGary Paulsen.
260 _aNew York :
260 _bScholastic Inc.
260 _c2010
300 _a102 pages ;
300 _c20 cm
650 _aFriendship --
650 _aFriendship.
650 _xJuvenile fiction.
700 _a1100
999 _c298299
_d298299